02472nkc a2200337za 450000100060000000300040000600500170001000700070002700800410003404000240007510000330009924500480013226000240018030001000020450003370030450001930064150000650083450001340089950001690103350400520120250500470125451001510130151002100145256101310166261000750179365100190186865500320188770000530191985200120197285601500198484531OSt20260323101919.0kh boc250410s19101911sp ||||| ||||||0| i|spa d aM-RABAbspacM-RABA1 aElorza, Lorenzod(1861-1931)10aLopidanab: Interior de la Iglesiac/ L. E. c[ca. 1910 – 1911] a1 fotografíab: gelatina de platac; imagen 12 x 16,5 cmc; soporte secundario 21,5 x 26,5 cm aVista del retablo mayor de la iglesia parroquial de la Purificación de Nuestra Señora en Lopidana compuesto por elementos de épocas distintas, destacan los dos altorrelieves de los Evangelistas, así como las cuatro columnas torsas con capitel jónico y los dos altorrelieves laterales de la Visitación y la Anunciación. aFotografía montada sobre soporte secundario de cartulina azul enmarcada con orla en relieve. Título y numeración manuscrita que hace referencia a la posición en la serie “110”. aSello con monograma del fotógrafo en tinta roja “L.E.” aFechas tomadas de la ejecución del positivo de las fotografías, incluido el soporte secundario. (Soto Madrazo, Javier. 2008). aForma parte de un conjunto de 167 fotografías empleadas por Federico Baráibar Zumárraga para la elaboración del Inventario del Románico en Álava (1911). aBaraibar, F.: "Rincones artísticos", M. 1914. aLopidana.- Interior de la Iglesia. / L. E. aDescripción tomada de: Soto Madrazo, Javier (2008). Federico Baraibar y el Inventario del Románico en Álava: una caja con 167 fotografías. aEsta colección fue utilizada posteriormente por Cristóbal de Castro para la elaboración y publicación del "Catálogo Monumental de España: provincia de Álava", Madrid, S. de Rivadeneira, 1915. aDonadas junto con la memoria manuscrita a la Academia por el mismo Baraibar (Sesión 12 de febrero de 1912, Archivo: 4-32-1).27aIglesia parroquial de la Purificación de Nuestra Señora (Lopidana) 7aÁlava2embne 0aFotografías de monumentos1 aBaráibar y Zumárraga, Federico d(1851-1918) jFot-219 3Fot-219uhttps://archivoybiblioteca.realacademiabellasartessanfernando.com/cgi-bin/koha/opac-retrieve-file.pl?id=d6ccf13490c42fe0568ec23483ed9c0c